[Event "Toulouse Petit Capitole op"]
[Site "Toulouse"]
[Date "2015.05.30"]
[Round "3"]
[White "Dautreme, Nausicaa"]
[Black "Cregut, Marian"]
[Result "0-1"]
[WhiteElo "1190"]
[BlackElo "1601"]
[PlyCount "58"]
[EventDate "2015.05.30"]
[EventType "swiss"]
[EventRounds "6"]
[EventCountry "FRA"]
[SourceTitle "EXT 2016"]
[Source "ChessBase"]
[SourceDate "2015.10.08"]
[SourceVersion "1"]
[SourceVersionDate "2015.10.08"]
[SourceQuality "1"]

1. e4 e5 2. Nf3 Nc6 3. Bc4 Bc5 4. 0-0 Nf6 5. Ng5 0-0 6. d3 d6 7. Nc3 a6 8. Bb3 Qe7 9. Nd5 Nxd5 10. Bxd5 h6 11. Qh5 hxg5 12. Bxg5 Qe8 13. c3 Be6 14. d4 exd4 15. Rad1 dxc3 16. Rd3 f6 17. Bxe6+ Qxe6 18. Bh6 Qe5 19. Qg6 Rf7 20. Rh3 Kf8 21. Bc1 Ke7 22. Rh7 Rg8 23. Bh6 Kf8 24. Bxg7+ Rfxg7 25. Qh6 Qg5 26. Qxg5 Rxg5 27. Rd1 Rxg2+ 28. Kf1 Rxf2+ 29. Ke1 Rg1# 0-1